000 00491nam a2200181Ia 4500
001 10892
005 20260306161905.0
008 260306t2006||||xx |||||||||||||| ||spa||
041 _aESP
082 _a980
_bS42
100 _aSerulnikov, Sergio
_eAUT
245 0 _aConflictos sociales e insurrección en el mundo colonial andino:
_bEl norte de Potosí en el siglo XVIII
260 _c2006
300 _a468 páginas :
_c
650 _aGEN
654 _aCHU
942 _cLIB
_dJUS
_fJUS
_2ddc
_n
999 _c10892
_d10892